|
|
|
|
| LEADER |
02044nam a2200565 a 4500 |
| 001 |
nkc20102028637 |
| 003 |
CZ PrNK |
| 005 |
20100427113320.0 |
| 007 |
ta |
| 008 |
100112s2009 xr a f 000 0 cze |
| 015 |
|
|
|a cnb002028637
|
| 020 |
|
|
|a 978-80-87110-17-1
|q (brož.)
|
| 035 |
|
|
|a (OCoLC)614277002
|
| 040 |
|
|
|a OLA001
|b cze
|d ABA001
|
| 043 |
|
|
|a e-xr---
|
| 072 |
|
7 |
|a 364
|x Sociální problémy vyžadující podporu a pomoc. Sociální zabezpečení
|2 Konspekt
|9 18
|
| 080 |
|
|
|a 364.35/.37
|2 MRF
|
| 080 |
|
|
|a 364.35/.37-2
|2 MRF
|
| 080 |
|
|
|a 316.66-055.1/.3
|2 MRF
|
| 080 |
|
|
|a 316.346.2-055.2
|2 MRF
|
| 080 |
|
|
|a 364
|2 MRF
|
| 080 |
|
|
|a (437.3)
|2 MRF
|
| 080 |
|
|
|a (048.8)
|2 MRF
|
| 100 |
1 |
|
|a Lukášová, Miloslava
|7 mzk2008469353
|4 aut
|
| 245 |
1 |
0 |
|a Postavení žen v penzi /
|c Míla Lukášová
|
| 260 |
|
|
|a Praha :
|b Otevřená společnost - Centrum ProEquality,
|c 2009
|
| 300 |
|
|
|a 23 s. :
|b il. ;
|c 21 cm
|
| 490 |
1 |
|
|a Analýza
|
| 500 |
|
|
|a Terminologický slovník
|
| 504 |
|
|
|a Obsahuje bibliografii a bibliografické odkazy
|
| 650 |
0 |
7 |
|a důchody
|7 ph119757
|z Česko
|2 czenas
|
| 650 |
0 |
7 |
|a důchodové reformy
|7 ph436879
|z Česko
|2 czenas
|
| 650 |
0 |
7 |
|a gender
|7 ph175751
|z Česko
|2 czenas
|
| 650 |
0 |
7 |
|a ženy
|7 ph127967
|z Česko
|2 czenas
|
| 650 |
0 |
7 |
|a sociální zabezpečení
|7 ph116215
|z Česko
|2 czenas
|
| 650 |
0 |
9 |
|a pensions
|z Czechia
|2 eczenas
|
| 650 |
0 |
9 |
|a pension reforms
|z Czechia
|2 eczenas
|
| 650 |
0 |
9 |
|a gender
|z Czechia
|2 eczenas
|
| 650 |
0 |
9 |
|a women
|z Czechia
|2 eczenas
|
| 650 |
0 |
9 |
|a social security
|z Czechia
|2 eczenas
|
| 655 |
|
7 |
|a studie
|7 fd133597
|2 czenas
|
| 655 |
|
9 |
|a studies
|2 eczenas
|
| 830 |
|
0 |
|a Analýza (Otevřená společnost)
|0 s
|
| 856 |
4 |
1 |
|u http://www.digitalniknihovna.cz/mzk/uuid/uuid:8577efc0-29ca-11e4-8e0d-005056827e51
|y Digitalizovaný dokument
|x NDK
|
| 910 |
2 |
|
|a BOA001
|b 2-1237.614
|
| 928 |
9 |
|
|a Centrum ProEquality
|
| 990 |
|
|
|a BK
|
| 995 |
|
|
|a 01
|
| 991 |
|
|
|b 201004
|c NOV
|
| 996 |
6 |
|
|b 2610425141
|c 2-1237.614
|l MZK
|r Sklad / do 1 hodiny
|n 6
|p p.v.
|w 001116510
|u 000010
|a 1
|e BOA001
|j MZK50
|s P
|